| 000 | 00842nam a2200265 a 4500 | ||
|---|---|---|---|
| 001 | 59543 | ||
| 003 | BD-RjUL | ||
| 005 | 20211209080737.0 | ||
| 008 | 161226s19581936enka b 000 0 eng | ||
| 035 | _a(BD-RjUL)59667 | ||
| 035 | _a(OCoLC)1721321 | ||
| 040 |
_aDLC _cOTU _dBD-RjUL _beng |
||
| 041 | 1 |
_aeng _hita |
|
| 082 |
_a336 _223 _bVIF 1958 |
||
| 100 | 2 |
_aViti de Marco, Antonio de, _d1858-1943. _9177104 |
|
| 245 | 1 | 0 |
_aFirst principles of public finance / _cAntonio de Viti de Marco, translated from the Italian by Edith Pavlo Marget. |
| 260 |
_aLondon : _bJonathan Cape, _c1936 [Reprinted1958]. |
||
| 300 |
_a435 p. : _c23 cm. |
||
| 504 | _aIncludes index | ||
| 650 | 0 |
_aFinance. _9173578 |
|
| 650 | 0 |
_aTaxation. _v Finances publiques _9177105 |
|
| 700 | 1 |
_aMarget, Edith Pavlo, _9177106 |
|
| 942 |
_2ddc _cBK |
||
| 999 |
_c59543 _d59543 |
||